00961nam a22002535a 450000500170000000800410001701000140005802000270007202000240009903500130012303700150013604000180015108200160016910000200018524500700020526000460027530000430032165000460036465000620041065100380047294200300051099900170054095201500055720081017051548.0081017s2008 ii | 00| 0 eng  aENG-91554 a9780195699463c1595.00 a0195699467c1595.00 aEN-75087 bDBAD / PUB adplbEnglish  a599.7560954 aThapar, Valmik  aRanthambhore:cby Valmik Thapar b10 days in the tiger fortress / aNew Delhi bOxford University Pressc2008 axv, 149 p.:c24cm (pbk) bcol. photos  aTigers zIndiazRanthambhor National Park aTigers zIndiazRanthambhor National ParkvPictorial work aRanthambhor National Park (India) 2ddccENmTHAh599.7560954 c18155d18155 00102ddc40718NFICaDBADbDBADd2008-11-07eDBAD / PUBg1595.00l0o599.7560954 THApEN-75087r2008-11-07 00:00:00t1v1595.00w2008-11-07yEN